000 00392nam a2200169Ia 4500
001 31721
003 IN-NITTTR
005 20251114233424.0
008 251113s9999||||xx |||||||||||||| ||eng||
040 _beng
040 _cIN-NITTTR
041 _aeng
082 _a621.7 M11E
100 _aMahesh Kumar,
245 0 _aElements of mechanical engineering /
_cMahesh Kumar
942 _2ddc
_cBK
999 _c34351
_d34351